Statistics for Biggest Cities in Austria

Click here to take the quiz!

General Stats

  • This quiz has been taken 29 times
  • The average score is 10 of 20

Answer Stats

PopulationCity% Correct
1,664,146Vienna
100%
117,693Innsbruck
96%
188,894Linz
96%
247,698Graz
93%
149,018Salzburg
93%
27,148Bregenz
67%
92,397Klagenfurt
67%
58,480Villach
59%
44,243Dornbirn
41%
39,940Wiener Neustadt
41%
58,623Wels
37%
30,093Feldkirch
33%
51,360Sankt Pôlten
30%
25,227Leoben
26%
38,979Steyr
26%
25,361Wolfsberg
26%
23,932Krems
19%
25,284Baden bei Wien
15%
25,216Klosterneuberg
11%
23,941Traun
11%

Score Distribution

Percentile by Number Answered

Percent of People with Each Score

Your Score History

You have not taken this quiz